000
00294nam a22001097a 4500
082
_a
355.02 MIL'J
100
_a
MILLER, HARRY
_9
8511
245
_a
JUNGLE WAR IN MALAYA THE CAMPAIGN AGAINST COMMUNICATION 1949-60
260
_a
LONDON
_b
MILITARY BOOK SOCIETY
_c
1972
300
_a
220P
942
_c
BK
999
_c
582148
_d
582148